শিক্ষণ প্রসঙ্গে ভারতীয় শিক্ষার ইতিহাস আধুনিক যুগ / (Record no. 2554)
[ view plain ]
| 000 -LEADER | |
|---|---|
| fixed length control field | 00987nam a22002177a 4500 |
| 003 - CONTROL NUMBER IDENTIFIER | |
| control field | BD-DhJNU |
| 005 - DATE AND TIME OF LATEST TRANSACTION | |
| control field | 20260122043455.0 |
| 008 - FIXED-LENGTH DATA ELEMENTS--GENERAL INFORMATION | |
| fixed length control field | 260122b |||||||| |||| 00| 0 eng d |
| 040 ## - CATALOGING SOURCE | |
| Original cataloging agency | BD-DhJNU |
| Language of cataloging | ENG |
| Transcribing agency | BD-DhJNU |
| Modifying agency | BD-DhJNU |
| 082 ## - DEWEY DECIMAL CLASSIFICATION NUMBER | |
| Edition number | 23 |
| Classification number | 370.954 HAS |
| 100 ## - MAIN ENTRY--PERSONAL NAME | |
| Personal name | হালদার, গৌরদাস |
| 242 ## - TRANSLATION OF TITLE BY CATALOGING AGENCY | |
| Title | History of education in India in the context of teaching / |
| Remainder of title | Professor Gouradas Haldar |
| 245 ## - TITLE STATEMENT | |
| Title | শিক্ষণ প্রসঙ্গে ভারতীয় শিক্ষার ইতিহাস আধুনিক যুগ / |
| Statement of responsibility, etc. | অধ্যাপক গৌরদাস হালদার |
| 246 ## - VARYING FORM OF TITLE | |
| Title proper/short title | Shikkhon prsge varotio shikkhar itihas adhunik zug |
| 250 ## - EDITION STATEMENT | |
| Edition statement | 4th ed |
| 260 ## - PUBLICATION, DISTRIBUTION, ETC. | |
| Place of publication, distribution, etc. | কলিকাতা ঃ |
| Name of publisher, distributor, etc. | ব্যানার্জী পাবলিশার্স, |
| Date of publication, distribution, etc. | 2021. |
| 300 ## - PHYSICAL DESCRIPTION | |
| Extent | ৩৩১পৃঃ.। |
| Other physical details | চিত্র। |
| Dimensions | ২২ সেমি.। |
| 650 ## - SUBJECT ADDED ENTRY--TOPICAL TERM | |
| Topical term or geographic name entry element | শিক্ষা |
| 650 ## - SUBJECT ADDED ENTRY--TOPICAL TERM | |
| Topical term or geographic name entry element | Education |
| 942 ## - ADDED ENTRY ELEMENTS (KOHA) | |
| Source of classification or shelving scheme | Dewey Decimal Classification |
| Koha item type | Books |
| Suppress in OPAC | No |
| Withdrawn status | Lost status | Source of classification or shelving scheme | Damaged status | Not for loan | Collection | Home library | Current library | Shelving location | Date acquired | Source of acquisition | Total checkouts | Full call number | Barcode | Date last seen | Copy number | Price effective from | Koha item type |
|---|---|---|---|---|---|---|---|---|---|---|---|---|---|---|---|---|---|
| Dewey Decimal Classification | Non-fiction | Jagannath University Central Library | Jagannath University Central Library | General stacks | 01/22/2026 | Purchased | 370.954 HAS | JNUCL35454 | 01/22/2026 | 1 | 01/22/2026 | Books | |||||
| Dewey Decimal Classification | Non-fiction | Jagannath University Central Library | Jagannath University Central Library | General stacks | 01/22/2026 | Purchased | 370.954 HAS | JNUCL35458 | 01/22/2026 | 4 | 01/22/2026 | Books | |||||
| Dewey Decimal Classification | Non-fiction | Jagannath University Central Library | Jagannath University Central Library | General stacks | 01/22/2026 | Purchased | 370.954 HAS | JNUCL35456 | 01/22/2026 | 2 | 01/22/2026 | Books | |||||
| Dewey Decimal Classification | Non-fiction | Jagannath University Central Library | Jagannath University Central Library | General stacks | 01/22/2026 | Purchased | 370.954 HAS | JNUCL35455 | 01/22/2026 | 3 | 01/22/2026 | Books | |||||
| Dewey Decimal Classification | Non-fiction | Jagannath University Central Library | Jagannath University Central Library | General stacks | 01/22/2026 | Purchased | 370.954 HAS | JNUCL35457 | 01/22/2026 | 5 | 01/22/2026 | Books |